000 002310000a22000970004500
100 1 _aCarrillo, Pablo
245 1 0 _aGirls lead peace efford in Colombia
300 _aNúm 58 (1998), Páginas 20-23
773 0 _tTogether
942 _cANA
999 _c57130
_d57130